-ANG Word Blitz Quiz Stats

 Plays Quiz Updated Dec 17, 2014

Challenge
Share
Tweet
Embed
Score 0/13 Timer 01:00
3 Plays Today
Clue _ANG Word % Correct
A sudden loud noise???
92.2%
Pushed the doorbell???
91.7%
Put a painting on the wall???
91.5%
A long sharp tooth???
91.4%
Bloods, Crips, Jets, or Sharks, e.g.???
85.4%
Trilled a tune???
85.1%
Fashion designer Vera???
83.7%
Orange-flavored space drink???
82.6%
A mild expletive???
80.3%
Half of a Taoist symbol???
77.1%
A sharp pain of anguish???
73%
'Metropolis' director Fritz???
49.5%
'The Simpsons' alien from Rigel VII???
35.3%

You're not logged in!

Compare scores with friends on all Sporcle quizzes.
OR
Log In

You Might Also Like...

Show Comments

Extras

Top Quizzes Today


Score Distribution

Your Account Isn't Verified!

In order to create a playlist on Sporcle, you need to verify the email address you used during registration. Go to your Sporcle Settings to finish the process.

Report this User

Report this user for behavior that violates our Community Guidelines.

Details: